000 00687nam a2200217Ii 4500
003 JO-AjNU
008 230605s9999||||xx |||||||||||||| ||und||
017 _a82/4462
020 _a977-01-0091-9
040 _aJO-AjNU
_bara
_erda
_cJO-AjNU
041 _aara
050 1 4 _aPJ782.H68.M26 1982
100 3 _aتاليف شوقي، أحمد,
_eauthor
_945344
245 0 0 _aمجنون ليلى
264 3 1 _aالقاهرة: الهيئة المصرية العامة للكتاب، 1982
300 _a125ص
336 _atext
_btxt
_2rdacontent
337 _aunmediated
_bn
_2rdamedia
338 _avolume
_bnc
_2rdacarrier
650 4 _aمجنون ليلى-شعر-أحمد شوقي
_945345
999 _aA19648
_c23216
_d23216